UBT Library

KIMIA E PERGJITHSHME DHE INORGANIKE (Record no. 60413)

000 -LEADER
fixed length control field 00341nam a22001457a 4500
008 - FIXED-LENGTH DATA ELEMENTS--GENERAL INFORMATION
fixed length control field 230928b ||||| |||| 00| 0 eng d
020 ## - INTERNATIONAL STANDARD BOOK NUMBER
International Standard Book Number 9789951550444
041 ## - LANGUAGE CODE
Language code of text/sound track or separate title Shqip
080 ## - UNIVERSAL DECIMAL CLASSIFICATION NUMBER
Edition identifier 2023
Universal Decimal Classification number 612
082 ## - DEWEY DECIMAL CLASSIFICATION NUMBER
Classification number 612FEK
100 ## - Rafti
Rafti 16
101 ## - Shkurtesa
Shkurtesa SUB IAM
245 ## - TITLE STATEMENT
Title KIMIA E PERGJITHSHME DHE INORGANIKE
Statement of responsibility, etc FEKA FIDAN
942 ## - ADDED ENTRY ELEMENTS (KOHA)
Source of classification or shelving scheme
Item type Books
Holdings
Withdrawn status Lost status Source of classification or shelving scheme Damaged status Not for loan Collection code Permanent location Current location Date acquired Total Checkouts Full call number Barcode Date last seen Price effective from Koha item type
          Koleksioni i përgjithshem UBT - Lipjan UBT - Lipjan 09/28/2023   612FEK 002-800070379 09/28/2023 09/28/2023 Books
          Koleksioni i përgjithshem UBT - Lipjan UBT - Lipjan 09/28/2023   612FEK 002-800070380 09/28/2023 09/28/2023 Books
          Koleksioni i përgjithshem UBT - Lipjan UBT - Lipjan 09/28/2023   612FEK 002-800070381 09/28/2023 09/28/2023 Books
          Koleksioni i përgjithshem UBT - Lipjan UBT - Lipjan 09/28/2023   612FEK 002-800070382 09/28/2023 09/28/2023 Books
          Koleksioni i përgjithshem UBT - Lipjan UBT - Lipjan 09/28/2023   612FEK 002-800070383 09/28/2023 09/28/2023 Books
          Koleksioni i përgjithshem UBT - Lipjan UBT - Lipjan 11/15/2023   612FEK 002-800070642 11/15/2023 11/15/2023 Books
          Koleksioni i përgjithshem UBT - Lipjan UBT - Lipjan 11/15/2023   612FEK 002-800070643 11/15/2023 11/15/2023 Books
          Koleksioni i përgjithshem UBT - Lipjan UBT - Lipjan 11/15/2023   612FEK 002-800070644 11/15/2023 11/15/2023 Books
          Koleksioni i përgjithshem UBT - Lipjan UBT - Lipjan 11/15/2023   612FEK 002-800070645 11/15/2023 11/15/2023 Books
          Koleksioni i përgjithshem UBT - Lipjan UBT - Lipjan 11/15/2023   612FEK 002-800070646 11/15/2023 11/15/2023 Books
UBT Library © 2015-2024. All rights reserved University Education for Business and Technology